Esencia y forma de lo trágico

Gespeichert in:
Bibliographische Detailangaben
1. Verfasser: Jaspers, Karl (VerfasserIn)
Format: Buch
Sprache:Spanisch
Veröffentlicht: Buenos Aires Sur 1960
Schlagworte:
Tags: Tag hinzufügen
Keine Tags, Fügen Sie den ersten Tag hinzu!

MARC

LEADER 00000nam a2200000 a 4500
001 UCV7873
003 CL-VaPUC
008 891123e19600000AG |||||||||||||||||spa|d
082 0 4 |a 142.7  |b JAS  |2 21 
100 |a Jaspers, Karl  |e author  |9 334584 
245 1 0 |a Esencia y forma de lo trágico 
300 |a 123 p 
942 |c BK 
945 |d 19891123 00:00:00 
260 |a Buenos Aires  |b Sur  |c 1960 
500 |a Título original: Uber das Tragische. 
650 0 |a Existencialismo  |9 265698 
583 |a last modification  |c 19891123 00:00:00  |k Rodrigo Vera 
999 |c 213482  |d 213480 
952 |0 0  |1 0  |4 0  |6 142_700000000000000_JAS_1960  |7 0  |8 P  |9 195902  |a BIBARQ  |b BIBARQ  |d 2019-11-14  |i 2638843  |o 142.7 JAS 1960  |p 2638843  |r 2025-01-20  |w 2019-11-14  |y BK  |k ARQ